000 01150cac a22003491a 4500
999 _c273
_d273
003 EG-ScBUE
005 20200111131422.0
008 190724t1999 nyua f 001 0 eng d
020 _a0201340542 (pbk. : alk. paper)
040 _aEG-ScBUE
_beng
_erda
_cEG-ScBUE
_dEG-ScBUE
082 0 4 _a808.042
_bOSH
_222
100 1 _aOshima, Alice,
_eauthor.
245 1 0 _aWriting academic English /
_cAlice Oshima, Ann Hogue.
250 _aThird edition.
264 1 _aWhite Plains, NY :
_bLongman,
_c[1999]
264 4 _cc 1999
300 _axii, 269 pages :
_billustrations ;
_c28 cm.
336 _2rdacontent
_atext
_btxt
337 _2rdamedia
_aunmediated
_bn
338 _2rdacarrier
_avolume
_bnc
490 0 _aLongman academic writing series
500 _aIncludes index.
500 _aIncludes appendix.
590 _aBilal Ahmed
650 7 _aEnglish language
_xRhetoric.
_2BUEsh
650 7 _aEnglish language
_xGrammar.
_2BUEsh
650 7 _aEnglish language
_vTextbooks for foreign speakers.
_2BUEsh
653 _bHHUUEENN
_cJune2019
655 _vReading book
700 1 _aHogue, Ann,
_eauthor.
942 _cBB
_k808.042 OSH
_2ddc